Cambridge english for schools : teacher's book one /

Guardado en:
Autor Principal: Littlejohn, Andrew
Otros Autores: Hicks, Diana
Formato: Libro
Publicado: New York : Cambrudge University, 1996
Materias:
Etiquetas: Agregar Etiqueta
Sin Etiquetas, Sea el primero en etiquetar este registro!
LEADER 00629nam a22002055a 4500
001 CEM.cems009654
005 20080723122253.0
008 130507s1996##################000#0#####d
003 CEMS
020 |a 0521421772 
082 0 4 |a 428.64 
100 1 |a Littlejohn, Andrew 
245 1 0 |a Cambridge english for schools :  |b teacher's book one /  |c Andrew Littlejohn y Diana Hicks 
260 |a New York :  |b Cambrudge University,  |c 1996 
300 |a 174 p. 
653 |a Inglés 
653 |a Inglés-textos 
653 |a Inglés-libro del docente 
700 1 |a Hicks, Diana 
859 |a CEMS  |b BIB. CEMS - 11 de abril  |h 428.64  |i L732-2  |p 19869.98  |t Ej.1  |v I  |3 I